Seminario Internacional 2006: nuevos currículos para los nuevos tiempos

Bewaard in:
Bibliografische gegevens
Formaat: Boek
Taal:Spaans
Gepubliceerd in: Santiago Consejo Superior de Educación 2007
Santiago Comisión Nacional de Acreditación 2007
Reeks:Seminarios CSE-CNAP, 10
Onderwerpen:
Tags: Voeg label toe
Geen labels, Wees de eerste die dit record labelt!

MARC

LEADER 00000nam a2200000 a 4500
001 UCI1448
003 CL-VaPUC
005 20230331074332.0
008 070629e20070000cl 1 spa d
020 |a 9789567434237 
044 |a cl  |2 marc 
044 |a cl  |2 marc 
082 0 4 |a 378.007  |b SEM  |2 21 
245 1 0 |a Seminario Internacional 2006: nuevos currículos para los nuevos tiempos 
260 |a Santiago  |b Consejo Superior de Educación  |c 2007 
260 |a Santiago  |b Comisión Nacional de Acreditación  |c 2007 
300 |a 194 p 
490 0 |a Seminarios CSE-CNAP, 10 
583 |a last modification  |c 20190826 11:27:25  |k Rodrigo Vera 
650 0 0 |a Educación superior   |9 223851 
650 0 0 |a Investigación educacional   |9 261192 
650 0 0 |a Planificación de la educación   |9 307333 
650 0 0 |a Acreditación  |9 523171 
650 0 0 |a Curriculos  |9 343652 
942 |c BK 
945 |a jtorresc  |d 20070629 00:00:00 
546 |a En Español 
536 |a CNAP 
536 |a CSE 
518 |p Seminario Educación Superior, 1, Santiago de Chile, 11 y 13 de Octubre de 2006 
999 |c 384268  |d 384266 
952 |0 0  |1 0  |4 0  |6 378_007000000000000_SEM_2007  |7 0  |8 A  |9 506899  |a BIBEDU  |b BIBEDU  |d 2020-01-23  |i 4330382  |o 378.007 SEM 2007  |p 4330382  |r 2020-01-23  |w 2020-01-23  |y BK  |k EDU